000
00341nam a2200157Ia 4500
003
Ost
005
20260225132556.0
008
260225s9999||||xx |||||||||||||| ||und||
040
_c
fsic
041
_a
fre
082
_a
440
100
_a
Vo Nguyen Giap
_e
Auteur
245
0
_a
Dien Bien Phu /
245
0
_c
Vo Nguyen Giap
942
_c
كتاب
999
_c
34479
_d
34479